| 000 | 01191cam a2200361 i 4500 | ||
|---|---|---|---|
| 999 |
_c66434 _d66434 |
||
| 001 | 768714001 | ||
| 003 | CO-MdFUSB | ||
| 005 | 20200705141626.0 | ||
| 007 | ta | ||
| 008 | 851107t19861953mnu 000 0 eng | ||
| 010 | _a 85023864 | ||
| 020 | _a0814604064 (pbk.) | ||
| 020 | _a0800619129 (Fortress Press : pbk.) | ||
| 040 |
_aDLC _cCO-MdFUSB _dDLC _bspa _erda |
||
| 041 | _aeng | ||
| 082 | 0 | 0 |
_a248.3 _219 _bM575 |
| 100 | 1 |
_aMerton, Thomas, _d1915-1968. _eautor |
|
| 245 | 1 | 0 |
_aBread in the wilderness _c/ Thomas Merton. |
| 264 | 1 |
_aPhiladelphia, Pa. : _bFortress Press, _c[1953] |
|
| 264 | 4 | _c© 1953 | |
| 300 |
_a179 páginas. ; _c18 cm. |
||
| 336 |
_2rdacontent _atexto _btxt |
||
| 337 |
_2rdamedia _asin mediación _bn |
||
| 338 |
_2rdacarrier _avolumen _bnc |
||
| 504 | _aBibliografía: (páginas. 174-179) | ||
| 505 | _aLe Devot Christ - Prólogo - Salmos y contemplación - Poesía, simbolismo y tipología - Sacramenta scripturarum - La ley perfecta de la libertad - La sombra de tus alas - Epílogo. | ||
| 563 | _aRústico | ||
| 650 | 0 |
_aVida espiritual _951 |
|
| 942 | _cBK | ||
| 945 | _aJTF-925 | ||